| 000 | 00580nam a2200193 i 4500 | ||
|---|---|---|---|
| 001 | 89807 | ||
| 003 | ES-MaACL | ||
| 005 | 20250807125405.0 | ||
| 007 | t| | ||
| 008 | 050113s1971 sp |||| | spa d | ||
| 100 | 1 |
_aLaurenti, Joseph L. _970640 |
|
| 245 | 1 | 4 |
_aLos prólogos en las novelas picarescas españolas / _cJosep L. Laurenti. |
| 260 |
_a[Valencia] : _bCastalia, _c1971. |
||
| 300 |
_a137 p. ; _c23 cm. |
||
| 650 | 4 |
_aPrólogos y epílogos. _9151467 |
|
| 650 | 7 |
_aNovela picaresca española _2 _9161137 |
|
| 852 |
_aES-MaACL _jC-39078 |
||
| 999 |
_c89807 _d89807 |
||